Stolice wybranych państw świata - Statystyki

Ogólne statystyki
  • Ten quiz został rozwiązany 24 razy
  • Średni wynik to 18 z 25
Statystyki odpowiedzi
Państwo Stolica % Poprawnych
Meksyk Meksyk
100%
Rosja Moskwa
100%
Kanada Ottawa
100%
USA Waszyngton
100%
Chiny Pekin
95%
Brazylia Brasilia
90%
Argentyna Buenos Aires
90%
Austrialia Canberra
90%
Egipt Kair
90%
Algieria Algier
86%
Mongolia Ułan Bator
86%
Peru Lima
81%
Kazachstan Astana
76%
Indie Nowe Delhi
76%
Indonezja Dżakarta
71%
Arabia Saudyjska Rijad
71%
Iran Teheran
71%
Madagaskar Antananarywa
52%
Libia Trypolis
52%
RPA Kapsztad
48%
Sudan Chartum
43%
DemokratycznaRepublika Konga Kinszasa
38%
Angola Luanda
38%
Nigeria Abudża
29%
Czad Ndżamena
19%
Nie znaleziono quizów pasujących do podanych kryteriów
Rozkład punktacji
Procent ludzi z każdym wynikiem
Percentyl według liczby udzielonych odpowiedzi
Twoja historia wyników
Nie rozwiązałeś tego quizu